Score 0/20 Timer 05:00
0 Plays Today
% Correct
Dexter Morgan
84.5%
Dwight Schrute
82.1%
The Doctor
80.9%
Doogie Howser
78.6%
Dan Conner
71.1%
Don Draper
70.4%
Daria Morgendorffer
63.6%
Daphne Moon
61.4%
D.J. Tanner
61.1%
Diane Chambers
59.8%
% Correct
Donna Pinciotti
59.3%
Debra Barone
59%
Dorothy Zbornak
58.2%
Daenerys Targaryen
49.4%
Doug Heffernan
47.6%
Denise Huxtable
43.3%
Dewey
43.3%
Dean Winchester
39.1%
Dave Nelson
32.9%
Dawn Summers
27.1%
Remove Ads.
Support Sporcle.
Get the best of Sporcle when you Go Orange. This ad-free experience offers more features, more stats, and more fun while also helping to support Sporcle. Thank you for becoming a member.

You're not logged in!

Compare scores with friends on all Sporcle quizzes.
OR
Log In

Show Comments

Extras

Top Quizzes Today


Score Distribution

Your Account Isn't Verified!

In order to create a playlist on Sporcle, you need to verify the email address you used during registration. Go to your Sporcle Settings to finish the process.

Report this User

Report this user for behavior that violates our Community Guidelines.

Details: